|
|
|
|
| LEADER |
00000naa a2200000uu 4500 |
| 001 |
vtls011073821 |
| 003 |
SK-MaSNL |
| 005 |
20260302111219.0 |
| 008 |
210908|2007 xo |||||||||||||||||eng| |
| 015 |
|
|
|a SNBRA
|
| 035 |
|
|
|a (urnnbn)urn:nbn:sk:snk:ar-a0ccrf
|
| 035 |
|
|
|a (uuid)dbc20825-54f2-4a0c-8641-a6b117169293
|
| 035 |
|
|
|a urn:nbn:sk:snk-aavizb
|
| 040 |
|
|
|a SNKBUCL
|b slo
|c SNKBUCL
|e AACR2
|
| 041 |
0 |
|
|a eng
|
| 044 |
|
|
|a xo
|c SK
|
| 100 |
1 |
|
|a Leon S. MUNTEAN
|4 aut
|9 788337
|
| 245 |
1 |
0 |
|a Morpho-physiological, production and quality traits of the "Cluj" cultivar of purple coneflower (Echinacea purpurea (L.) Moench.)
|c Leon S. MUNTEAN, Dan VÂRBAN, G. MORAR, Ilioara ONIGA, Leon MUNTEAN, Mircea TĂMAŞ, Rodica VÂRBAN, S. CERNEA, S. MUNTEAN, Marcel M. DUDA
|
| 700 |
1 |
|
|a Vârban, Dan
|4 aut
|9 788338
|
| 700 |
1 |
|
|a Morar, G.
|4 aut
|9 788339
|
| 700 |
1 |
|
|a Oniga, Ilioara
|4 aut
|9 788340
|
| 700 |
1 |
|
|a Muntean, Leon
|4 aut
|9 788341
|
| 700 |
1 |
|
|a Tămaş, Mircea
|4 aut
|9 788342
|
| 700 |
1 |
|
|a Vârban, Rodica
|4 aut
|9 788343
|
| 700 |
1 |
|
|a Cernea, S.
|4 aut
|9 788344
|
| 700 |
1 |
|
|a Muntean, S.
|4 aut
|9 788345
|
| 700 |
1 |
|
|a Marcel M. DUDA
|4 aut
|9 788346
|
| 773 |
0 |
|
|t 1st International Scientific Conference on Medicinal, Aromatic and Spice Plants
|d In Nitra : Slovak University of Agriculture, 2007
|g S. 49-51
|z 9788080699734
|
| 958 |
|
|
|a OND
|
| 958 |
|
|
|a article12
|
| 958 |
|
|
|a chapter
|
| 999 |
|
|
|c 1246739
|d 1248669
|